000
00322nam a2200133 a 4500
008
971010s1973||||xx 0 und c
040
_a
SNK
_b
slo
_c
SNK
_e
AACR2
100
1
_a
Dickens, Charles
_d
1812-1870
245
1
0
_a
Pochmúrny dom
260
_a
Bratislava
_b
Smena
_c
1973
020
_c
50
044
_a
xo
_c
SK
041
_a
slo
999
_c
10350
_d
10350